Quiz Miraculous - Statistiques

Statistiques générales
  • Ce quiz a été pris 109 fois
  • Le résultat moyen est 7 sur 12
Statistiques - réponses
Question Réponse % Correct
Qui sont les Héros principaux ? Ladybug & Chat Noir
100%
Comment est-ce que Marinette est tombé amoureuse d'Adrien Adrien lui a tendu son parapluie, il s'est refermé sur elle et ils ont rient ensemble
71%
Ça fait combien de temps (à la date ou le quiz a été publié) que la série existe ? 10 ans
65%
Comment est-ce qu'Alya et Marinette sont devenues meilleures amies En classe, suite à une embrouille avec Chloé et Sabrina
64%
Gabriel a été le méchant principal sur les 5 premières saisons, combien a-t-il eu de costumes ? 3
62%
Combien y'a-t-il d'épisodes spéciaux ? (Sortis et annoncés officiellement) 5
56%
Dans quel épisode de la saison 6, Chat Noir obtient un nouveau pouvoir qui peu faire oublier quelque chose à une personne ? Révélator
56%
Dans la saison 5, participants à l'élection municipal Caline Bustier & Armand d'Argencourt
55%
Dans la saison 6, dans le 5ème épisode, les Grands Parents d'Adrien (Maternels et Paternels) veulent le rencontrer pour une raison, laquelle ? Pour décidé de qui aura sa garde
53%
Amélie Graham de Vanily et Félix Fathom sont qui pour Emil et Millie ? Leur Fille et Petit-Fils
49%
Dans l'ep "Éphémère", quel indice pour "fêter" le 100ème épisode de la série apparaît tout au long de l'épisode ? N°100
39%
Dans la saison 6, sur les 1ers épisodes diffusé en VF, combien de nouveaux persos apparaissent dans l'univers de la série ? 12
12%
Aucun quiz correspondant
Distribution des résultats
% des personnes avec chaque résultat
Percentile par nombre de réponses
Votre historique - résultats
Vous n’avez pas pris ce quiz